Statistics for Video Game Characters Quiz #2

Click here to take the quiz!

General Stats

  • This quiz has been taken 36,356 times
  • The average score is 10 of 20

Answer Stats

Character(s)Series% Correct
LuigiSuper Mario
100%
BulbasaurPokémon
88%
Doctor EggmanSonic the Hedgehog
78%
Chun-LiStreet Fighter
73%
KratosGod of War
68%
GanondorfLegend of Zelda
68%
CreepersMinecraft
67%
Niko BellicGrand Theft Auto
60%
Cloud StrifeFinal Fantasy
56%
Gordon FreemanHalf-Life
52%
Captain John PriceCall of Duty
51%
Big DaddyBioshock
51%
Sam FisherSplinter Cell
40%
Marcus FenixGears of War
39%
ZerglingsStarCraft
32%
Ryu HayabusaNinja Gaiden
27%
Bald BullPunch-Out!!
25%
Rash, Zitz and PimpleBattletoads
17%
Lars ÜmlautGuitar Hero
17%
John ClarkTom Clancy's Rainbow Six
12%

Score Distribution

Percentile by Number Answered

Percent of People with Each Score

Your Score History

You have not taken this quiz